Le 10 più grandi economie delle Americhe - Statistics

Statistiche generali
  • Questo quiz è stato fatto 1.974 volte
  • Il punteggio medio è 9 su 10
Statistiche sulle risposte
PIL Paese % Corretto
25.4 T Stati Uniti
100%
1.20 T Argentina
99%
2.24 T Canada
99%
3.68 T Brasile
98%
2.89 T Messico
98%
568 B Cile
95%
941 B Colombia
95%
514 B Peru
90%
228 B Ecuador
80%
255 B Repubblica Dominicana
47%
Nessun quiz corrispondente trovato
Distribuzione punteggi
Percentuale di utenti per punteggio
Percentile per numero di risposta
I tuoi punteggi nel tempo
Non hai fatto questo quiz